书目信息 |
| 题名: |
遥控遥测技术
|
|
| 作者: | 纪传礼 编著 | |
| 分册: | ||
| 出版信息: | 北京 科学出版社 1983 |
|
| 页数: | 281页 | |
| 开本: | 19cm | |
| 丛书名: | ||
| 单 册: | ||
| 中图分类: | TP87 | |
| 科图分类: | ||
| 主题词: | 远动化系统 | |
| 电子资源: | ||
| ISBN: | ||
| 000 | 00590nam0 2200229 45 | |
| 001 | 0183005121 | |
| 005 | 20060810171450.35 | |
| 010 | @dCNY1.20 | |
| 091 | @a15031.456 | |
| 100 | @a19950515d1983 em y0chiy0121 ea | |
| 101 | 0 | @achi |
| 102 | @aCN@b110000 | |
| 105 | @ay z 000yy | |
| 200 | 10 | @a遥控遥测技术@Ayao kong yao ce ji shu@f纪传礼编著 |
| 210 | @a北京@c科学出版社@d1983 | |
| 215 | @a281页@d19cm | |
| 606 | 0 | @a远动化系统 |
| 690 | @aTP87 | |
| 701 | 0 | @a纪传礼@Aji chuan li@4编著 |
| 801 | 2 | @aCN@bNLC@c20060810 |
| 801 | 0 | @aCN@b上海图书馆@c20040518 |
| 905 | @f1@b88215@dTP87@e2 | |
| 遥控遥测技术/纪传礼编著.-北京:科学出版社,1983 |
| 281页;19cm |
| ISBN :CNY1.20 |
| ● |
| 相关链接 |
|
|
|
|
正题名:遥控遥测技术
索取号:TP87/2
 
预约/预借
| 序号 | 登录号 | 条形码 | 馆藏地/架位号 | 状态 | 备注 |
| 1 | 0088215 | 001643779 | 第三借阅区/ [索取号:TP87/2] | 在馆 | |
| 2 | 0088216 | 001643788 | 第二样本阅览室/ [索取号:TP87/2] | 在馆 | |
| 3 | 0452197 | 204521972 | 密集书库/ [索取号:TP87/2] | 在馆 |